|
|
|
|
| LEADER |
01978nam a2200457 i 4500 |
| 001 |
EBC4460213 |
| 003 |
MiAaPQ |
| 005 |
20200520144314.0 |
| 006 |
m o d | |
| 007 |
cr cnu|||||||| |
| 008 |
160704t20142014ph ob 001 0 eng d |
| 020 |
|
|
|z 9789292543556
|
| 020 |
|
|
|a 9789292543563
|q (electronic bk.)
|
| 035 |
|
|
|a (MiAaPQ)EBC4460213
|
| 035 |
|
|
|a (Au-PeEL)EBL4460213
|
| 035 |
|
|
|a (CaPaEBR)ebr11187830
|
| 035 |
|
|
|a (CaONFJC)MIL908732
|
| 035 |
|
|
|a (OCoLC)913465503
|
| 040 |
|
|
|a MiAaPQ
|b eng
|e rda
|e pn
|c MiAaPQ
|d MiAaPQ
|
| 043 |
|
|
|a az-----
|
| 050 |
|
4 |
|a HB2096.5.A3
|b .A853 2014
|
| 082 |
0 |
|
|a 304.80954
|2 23
|
| 110 |
2 |
|
|a Asian Development Bank,
|e author.
|
| 245 |
1 |
0 |
|a Lose to gain :
|b is involuntary resettlement a development opportunity? /
|c edited by Jayantha Perera.
|
| 264 |
|
1 |
|a Metro Manila, Philippines :
|b Asian Development Bank,
|c 2014.
|
| 264 |
|
4 |
|c 2014
|
| 300 |
|
|
|a 1 online resource (237 pages)
|
| 336 |
|
|
|a text
|2 rdacontent
|
| 337 |
|
|
|a computer
|2 rdamedia
|
| 338 |
|
|
|a online resource
|2 rdacarrier
|
| 504 |
|
|
|a Includes bibliographical references at the end of each chapters and index.
|
| 588 |
|
|
|a Description based on print version record.
|
| 590 |
|
|
|a Electronic reproduction. Ann Arbor, MI : ProQuest, 2016. Available via World Wide Web. Access may be limited to ProQuest affiliated libraries.
|
| 650 |
|
0 |
|a Forced migration
|x Government policy
|z South Asia.
|
| 650 |
|
0 |
|a Migration, Internal
|z South Asia.
|
| 650 |
|
0 |
|a Internally displaced persons
|z South Asia
|x Economic conditions.
|
| 655 |
|
4 |
|a Electronic books.
|
| 700 |
1 |
|
|a Perera, Jayantha,
|e editor.
|
| 776 |
0 |
8 |
|i Print version:
|a Asian Development Bank.
|t Lose to gain : is involuntary resettlement a development opportunity?
|d Metro Manila, Philippines : Asian Development Bank, c2014
|h x, 225 pages
|z 9789292543556
|w 2015321192
|
| 797 |
2 |
|
|a ProQuest (Firm)
|
| 856 |
4 |
0 |
|u https://ebookcentral.proquest.com/lib/matrademy/detail.action?docID=4460213
|z Click to View
|